Počet subjektov aktívne využívajúcich hedging rastie

Subjektom podnikajúcim v exporte a importe spôsobuje volatilita devízových kurzov a kurzov komodít značné straty. Menový alebo komoditný hedging podľa toho pred akým rizikom sa chcú chrániť, ho znižuje. Popis fungovania hedgingu a praktické príklady komoditného hedgingu.

Salvato in:
Dettagli Bibliografici
Autore principale: Kudzbel, Marek
Natura: Capitolo di libro
Lingua:slovacco
Soggetti:
Tags: Aggiungi Tag
Nessun Tag, puoi essere il primo ad aggiungerne!!

MARC

LEADER 00000naa$a2200000$$$4500
001 0018420
005 20231004122627.1
041 0 |a slo 
044 |a SK 
245 1 0 |a Počet subjektov aktívne využívajúcich hedging rastie  |c aut. Marek Kudzbel 
520 |a Subjektom podnikajúcim v exporte a importe spôsobuje volatilita devízových kurzov a kurzov komodít značné straty. Menový alebo komoditný hedging podľa toho pred akým rizikom sa chcú chrániť, ho znižuje. Popis fungovania hedgingu a praktické príklady komoditného hedgingu. 
610 2 0 |a obchod zahraničný 
610 2 0 |a komodity 
610 2 0 |a trh kapitálový medzinárodný 
610 2 0 |a hedging 
100 1 |a Kudzbel, Marek